European Geography By Letter - C - Statistics

General Stats
  • This quiz has been taken 124,215 times
    113,460 since last reset
  • The average score is 15 of 22
Answer Stats
Clue Answer % Correct
Capital of Denmark Copenhagen
98%
City which hosts Europe's most famous film festival Cannes
85%
Site of a 1986 nuclear disaster Chernobyl
85%
City in England whose university was founded in 1209 Cambridge
82%
Largest island in Greece Crete
82%
Capital of Wales Cardiff
80%
Country which joined the EU in 2013 Croatia
80%
Peninsula that was invaded by Russia in 2014 Crimea
77%
Tunnel connecting Great Britain with France {Channel} Tunnel
76%
Autonomous region of northeast Spain Catalonia
72%
Island where Napoleon was born Corsica
72%
Landlocked country Czech Republic
72%
French region famous for sparkling wine Champagne
71%
Biggest city in southwest Ireland Cork
65%
City at the southern terminus of the above Calais
61%
French word for a castle or manor house Château
61%
Prague's most famous bridge, named for a king {Charles} Bridge
60%
Italian lake known for its celebrity villas Como
57%
One of the mountain ranges that divides Europe and Asia Caucasus
54%
Subdivision of Switzerland Canton
51%
County in the far southwest of England Cornwall
40%
Mountain range that surrounds Transylvania Carpathian
36%
No matching quizzes found
Score Distribution
Percent of People with Each Score
Percentile by Number Answered
Your Score History
You have not taken this quiz since the last reset